1047 1240 1700 1506 1757 1420 1260 1851 1722 1209 1413 1829 1510 1641 1020 1209 1955 1252 1721 1369 1166 1530 1250 1042 1242 1772 1575 1099 1606 1595 1764 1695 1253 1372 1705 1452 1530 1298 1362 1753 1593 1260 1124 1252 1101 1356 1652 1583 1998 1881 1696 1574 1314 1006 1213 1282 1283 1975 1903 1137 1074 1868 1545 1632 1405 1245 1845 1327 1692 1836 1093 1711 1660 1785 1912 1566 1416 1713 1885 1504 1858 1391 1568 1861 1052 1164 1814 1523 1560 1035 1230 1459 1035 1608 1517 1210 1860 1076 1321 BCNSPRNW ULIB Ver.6.0+V

เปลี่ยนเป็นภาษาไทย

Change to English
 แสดงรายละเอียดบรรณานุกรม
  กลับหน้าหลัก

Brief Record : Get Marc (ISO 2709) : E-mail record : QR code < ปิดหน้าต่าง
LEADER : 00000nam 2200000uu 4500
001    13399114403
003     ULIB
008    120328s||||||||th 000 0 tha d
020    9786167058535
060  4 WM105^bพ264จ
100 0  พรรณพิมล วิปุลากร
245 00 จิตวิทยาสามัญประจำบ้าน/^cพรรณพิมล วิปุลากร
260    กรุงเทพฯ:^bฐานบุคส์,^c2554
300    143 หน้า:^bภาพประกอบ,^c17cm
650  4 จิตวิทยา
650  4 เด็กก้าวร้าว
650  4 จิตวิทยาครอบครัว
945    ^p130^l0^i031532
945    ^p130^l0^i031533
945    ^p130^l0^i031534
945    ^p130^l0^i031535
945    ^p130^l0^i031536
995    เกษร
999 ^a ใช้งานได้ทุกระบบ
รายการนี้ยังไม่มีแท็ก
คุณยังไม่ได้ล็อกอิน คุณสามารถมีกิจกรรมร่วมกับเว็บไซต์ได้ แต่ต้องล็อกอินก่อน ::
  ล็อกอิน

รายการสื่อสารสนเทศ

ลำดับที่ ประเภท เลขเรียก/บาร์โค้ด สถานที่ สถานะ
1. วิทยาศาสตร์การแพทย์ และสุขภาพ
หนังสือสำรอง
สถานะ=หนังสือสำรอง
WM105 พ264จ ฉ.1 
  Barcode: 031532
ห้องสมุดวิทยาเขตสวรรค์ประชารักษ์
►ส่วนจัดเก็บหนังสือเก่า สปร
บนชั้น
  ขอยืม
2. วิทยาศาสตร์การแพทย์ และสุขภาพ
วิทยาศาสตร์การแพทย์ และสุขภาพ
WM105 พ264จ ฉ.2 
  Barcode: 031533
ห้องสมุดวิทยาเขตสวรรค์ประชารักษ์
►ส่วนจัดเก็บหนังสือเก่า สปร
บนชั้น
  ขอยืม
3. วิทยาศาสตร์การแพทย์ และสุขภาพ
วิทยาศาสตร์การแพทย์ และสุขภาพ
WM105 พ264จ ฉ.3 
  Barcode: 031534
ห้องสมุดวิทยาเขตสวรรค์ประชารักษ์
►ส่วนจัดเก็บหนังสือเก่า สปร
บนชั้น
  ขอยืม
4. วิทยาศาสตร์การแพทย์ และสุขภาพ
วิทยาศาสตร์การแพทย์ และสุขภาพ
WM105 พ264จ ฉ.4 
  Barcode: 031535
ห้องสมุดวิทยาเขตสวรรค์ประชารักษ์
►ส่วนจัดเก็บหนังสือเก่า สปร
บนชั้น
  ขอยืม
5. วิทยาศาสตร์การแพทย์ และสุขภาพ
วิทยาศาสตร์การแพทย์ และสุขภาพ
WM105 พ264จ ฉ.5 
  Barcode: 031536
ห้องสมุดวิทยาเขตสวรรค์ประชารักษ์
►ส่วนจัดเก็บหนังสือเก่า สปร
บนชั้น
  ขอยืม

รายการใกล้เคียง
    หัวเรื่อง [จิตวิทยา]
    หัวเรื่อง [เด็กก้าวร้าว]
    หัวเรื่อง [จิตวิทยาครอบครัว]

BibComment


ยังไม่เคยถูกคอมเมนท์

คอมเมนท์ทรัพยากรรายการนี้
  คอมเมนท์: จิตวิทยาสามัญประจ..


 Copyright 2026. Bcnsprnw @Library